000
00329nam a22001337a 4500
008
181024b xxu||||| |||| 00| 0 eng d
020
_a
9780312569433
041
_a
eng
080
_a
941
100
_a
16
101
_a
HIS
245
_a
The American ProMISE a History Of The United Sattes
_c
Johnson.P
942
_2
udc
_c
BK
999
_c
50871
_d
50871